00743nam a22002177a 4500003001100000005001700011008004100028040003900069041000800108082001700116100002100133245005200154260009200206300003300298650002500331650003300356700002200389942000700411952009200418999001500510LK-CoMWRAF20240118093623.0240118b2000 |||||||| |||| 00| 0 eng d aLK-CoMWRAFdLK-CoMWRAFeLK-CoMWRAF atam a306.766bBUN aBunch, Charlotte a Lesbians travel the roads of feminism globally a[New Brunswick, N.J.]:bRutgers University Center for Women's Global Leadership, c2000 a16 p.bBibliography included aFeminism- Congresses aLesbians- Political activity aHinojosa, Claudia cBK 00104070aMAINbMAINd2024-01-18l0o306.766 BUNpRAF4764r2024-01-18w2024-01-18yBK c4643d4643